000
00286nam a2200109Ia 4500
008
230907s9999||||xx |||||||||||||| ||und||
082
_a
332.1202854678
_b
KRI
100
_a
Krishnan, Sankar,
_9
115913
245
4
_a
The power of mobile banking :
300
_a
xix, 172 pages ;
942
_c
BK
999
_c
600131
_d
600131